| 000 | 00491cam a22002051 4500 | ||
|---|---|---|---|
| 001 | sa 68013938 | ||
| 003 | DLC | ||
| 005 | 20260227112627.0 | ||
| 008 | 890616m19621966ii 000 0 beno | ||
| 010 | _asa 68013938 | ||
| 035 | _a(OCoLC)19883011 | ||
| 040 |
_aDLC _cWaU _dDLC |
||
| 042 | _apremarc | ||
| 050 | 0 | 0 |
_aCT1508.D38 _bA3 |
| 100 | 1 |
_aDatta, Cārucandra, _d1876-1952. |
|
| 245 | 1 | 0 | _aPurano kathā. |
| 260 | _c[1962-66] | ||
| 300 |
_a2 v. in 1 _c22 cm. |
||
| 500 | _aIn Bengali. | ||
| 999 |
_c85451 _d85451 |
||